Návrh zníženia nepodarkovosti v procese výroby svetiel uplatnením DMAIC cyklu
Saved in:
| Main Author: | |
|---|---|
| Other Authors: | |
| Format: | Manuscript Book |
| Language: | Slovak |
| Published: |
2016
|
| Subjects: | |
| Online Access: | http://is.stuba.sk/zp/portal_zp.pl?podrobnosti=118451 |
| Tags: |
No Tags, Be the first to tag this record!
|
MARC
| LEADER | 00000ntm a22000003a 4500 | ||
|---|---|---|---|
| 001 | stuzp57846 | ||
| 003 | SK-STU | ||
| 005 | 20160719155400.4 | ||
| 007 | ta | ||
| 008 | 150427s2015----xo-----f-mn---000-0-slo-d | ||
| 040 | |a STU |b slo | ||
| 041 | 0 | |a slo | |
| 100 | 1 | |a Daňová, Dominika |u 064000 |k Z4 |4 aut |U MTF Materiálovotechnologická fakulta |T MTF Ústav priemyselného inžinierstva a manažmentu |X 45717 |U M4000 |Y 84 |7 A000045717 | |
| 242 | 0 | 1 | |a Proposal for the reduction of defects in the production process of lights by the application of the DMAIC cycle |y eng |
| 245 | 1 | 0 | |a Návrh zníženia nepodarkovosti v procese výroby svetiel uplatnením DMAIC cyklu |
| 260 | |c 2016 | ||
| 650 | 4 | |a manažérstvo kvality |2 slo | |
| 650 | 4 | |a DMAIC cyklus |2 slo | |
| 650 | 4 | |a výrobný proces |2 slo | |
| 650 | 4 | |a nepodarkovosť |2 slo | |
| 650 | 4 | |a scrap |2 eng | |
| 650 | 4 | |a production process |2 eng | |
| 650 | 4 | |a DMAIC cycle |2 eng | |
| 650 | 4 | |a quality management |2 eng | |
| 700 | 1 | |a Václav, Ľuboš |4 ths |X 69710 |7 A000069710 | |
| 856 | 4 | |u http://is.stuba.sk/zp/portal_zp.pl?podrobnosti=118451 | |
| 996 | |c M* DP-12883 |l MMSKP |s P |a 0 |w stuzp57846_0001 | ||
| SQL | |a stuzp57846 |b DDP |c SLO |d Návrh zníženia nepodarkovosti v procese výroby svetiel uplatnením DMAIC cyklu |e 45717 |f Daňová, Dominika |g 064000 |h 69710 |i Václav, Ľuboš |j 20160606 |k 183 |l 06 |m http://is.stuba.sk/zp/portal_zp.pl?podrobnosti=118451 |n I-IKP |o 5.2.57. kvalita produkcie | ||